logo

Bir Sreshtho Munshi Abdur Rouf Library
Jhenaidah Cadet College

Idylls of the king; notes / (Record no. 10531)

MARC details
000 -LEADER
fixed length control field 01166nam a22002657a 4500
001 - CONTROL NUMBER
JCCL Control Number 10531
003 - CONTROL NUMBER IDENTIFIER
JCCL marc code BD-JhCC
005 - DATE AND TIME OF LATEST TRANSACTION
control field 20180520111721.0
008 - FIXED-LENGTH DATA ELEMENTS--GENERAL INFORMATION
fixed length control field 180430b1964 as ||||| |||| 00| 0 eng d
020 ## - INTERNATIONAL STANDARD BOOK NUMBER
International Standard Book Number 0822006367
035 ## - SYSTEM CONTROL NUMBER
system control number (BD-JhCC)10531
040 ## - CATALOGING SOURCE
Original cataloging agency BD-JhCC
Modifying agency BD-JhCC
041 ## - LANGUAGE CODE
Language code of Book eng
082 ## - DEWEY DECIMAL CLASSIFICATION NUMBER
Classification number 821
Author mark and Year IDE 1964
100 ## - MAIN ENTRY--PERSONAL NAME
Personal name Milch, Robert J
245 ## - TITLE STATEMENT
Title Idylls of the king; notes /
Statement of responsibility, etc Robert J Milch; James L Roberts
260 ## - PUBLICATION, DISTRIBUTION, ETC. (IMPRINT)
Place of publication, distribution, etc Lincoln :
Name of publisher, distributor, etc Neb., Cliff's Notes,
Date of publication, distribution, etc 1963.
300 ## - PHYSICAL DESCRIPTION
Pagination 66 p. :
Dimensions 22 cm.
520 ## - SUMMARY, ETC.
Summary, etc Cliffs Notes gives you the basics on Tennyson's Idylls of the King including such features about the author, social and historical backgrounds, structure and tradition of literary genres, facts about the characters, critical analyses, review questions, glossaries of unfamiliar terms, foreign phrases and literary allusions, maps, genealogies, and a bibliography to help you locate more data for essays, oral reports, and term papers.
650 ## - SUBJECT ADDED ENTRY--TOPICAL TERM
Topical term or geographic name as entry element Idylls of the King (Tennyson, Alfred Tennyson, Baron)
650 ## - SUBJECT ADDED ENTRY--TOPICAL TERM
Topical term or geographic name as entry element Knights and knighthood in literature
700 ## - ADDED ENTRY--PERSONAL NAME
Personal name Roberts,James L
942 ## - ADDED ENTRY ELEMENTS (KOHA)
Source of classification or shelving scheme Dewey Decimal Classification
Koha item type Books
Holdings
Source of classification or shelving scheme Damaged status Not for loan Home library Current library Shelving location Date of accession Total Checkouts Full call number Barcode Date last seen Copy number Koha item type
Dewey Decimal Classification     JCC Rouf Library JCC Rouf Library General Stacks 04/30/2018   821 IDE 1964 13952 04/30/2018 C-1 Books
Dewey Decimal Classification     JCC Rouf Library JCC Rouf Library General Stacks 04/30/2018   821 IDE 1964 13951 04/30/2018 C-2 Books
Dewey Decimal Classification     JCC Rouf Library JCC Rouf Library General Stacks 04/30/2018   821 IDE 1964 13916 04/30/2018 C-3 Books

JCC Library | Contacts | JCC Home

Last Update on 23 September 2017
Copyright @ 2017-2020 JCC Rouf Library
Rouf Library, Jhenidah Cadet College (JCC), Bangladesh